000 00857cam a2200229 a 4500
001 000007317
005 20200929154131.0
008 751110s1992 ck 000 0 spa
020 _a9586120872
035 _a(DLC) 50031394
035 _a(OCoLC)1821984
040 _aDO-SdBNP
_bspa
_cBNPHU
_dDLC
082 _a910.09861
_bR299v
100 1 _aReclus, Élisée,
_d1830-1905.
_920340
245 1 0 _aViaje a la Sierra Nevada de Santa Marta /
_cReclus Élisée ; prólogo Álvaro Rodríguez Torres.
260 _aBogotá :
_bBiblioteca V Centenario ;
_bColcultura ;
_bViajeros por Colombia,
_c1992.
300 _a257 p. ;
_c24 cm.
651 4 _aMagdalena (Colombia : Dept.{Rpara}
_xDescripciones Y Viajes.
_920341
651 4 _aSanta Marta Range (Colombia{Rpara}
_920342
700 1 _aRodríguez Torres, Álvaro,
_epról.
_920343
910 _aCatalogación derivada
999 _c7098
_d7098